| 000 | 00550nam a2200217Ia 4500 | ||
|---|---|---|---|
| 003 | OSt | ||
| 005 | 20250917100749.0 | ||
| 008 | 210719s1974 xx 000 0 und d | ||
| 040 | _cAL | ||
| 041 | _aTulu | ||
| 082 | _aT894.2 RAVK | ||
| 100 |
_aRAV (P S) _dರಾವ್ (ಪಿ ಎಸ್) _9239017 |
||
| 245 |
_aKesar _bಕೆಸರ್ |
||
| 260 |
_aMangaluru _bSahodara Kala Vranda., _c1974 |
||
| 300 |
_a76 _bPB |
||
| 365 |
_b2.5 _cRs |
||
| 650 |
_aTulu Drama _9239018 |
||
| 650 |
_aTulu Drama _9239018 |
||
| 906 | _aKesar | ||
| 942 |
_2ddc _cBK |
||
| 999 |
_c214651 _d214651 |
||